000 00396nam a22001697a 4500
003 NUST - PNEC
005 20170116181116.0
008 151004b xxu||||| |||| 00| 0 eng d
020 _a-
040 _cLIBRARY
082 _a891.439 ZAF
100 _913238
_a Zafar Umar
245 _aNeeli Chatri
_cZafar Umar
260 _c-
650 _913242
_aUrdu literature
_xGeneral
942 _2ddc
_cBK
999 _c69346
_d69346